Lage Raho Munna Bhai (Record no. 19765)
[ view plain ]
| 000 -LEADER | |
|---|---|
| fixed length control field | 02959ngm a2200469 4500 |
| 003 - CONTROL NUMBER IDENTIFIER | |
| control field | dpl |
| 005 - DATE AND TIME OF LATEST TRANSACTION | |
| control field | 20081212143856.0 |
| 007 - PHYSICAL DESCRIPTION FIXED FIELD--GENERAL INFORMATION | |
| fixed length control field | DVD |
| 008 - FIXED-LENGTH DATA ELEMENTS--GENERAL INFORMATION | |
| fixed length control field | ||||||sp199 xxu|||||c ||| 00| 0 ng d |
| 010 ## - LIBRARY OF CONGRESS CONTROL NUMBER | |
| LC control number | DVD-001391-1393 & DVD-004845-4850 |
| 024 ## - OTHER STANDARD IDENTIFIER | |
| Standard number or code | DVD-E 1418 |
| Terms of availability | 99.00 |
| 035 ## - SYSTEM CONTROL NUMBER | |
| System control number | DVD-001391-1393 |
| 035 ## - SYSTEM CONTROL NUMBER | |
| System control number | DVD-004845-4850 |
| 040 ## - CATALOGING SOURCE | |
| Original cataloging agency | DPL |
| Transcribing agency | DPL |
| 082 ## - DEWEY DECIMAL CLASSIFICATION NUMBER | |
| Classification number | DVD /LAGE |
| 245 ## - TITLE STATEMENT | |
| Title | Lage Raho Munna Bhai |
| Statement of responsibility, etc | Vidhu Vinod Chopra Production Presents |
| Medium | [videorecording] DVD/ |
| 260 ## - PUBLICATION, DISTRIBUTION, ETC. (IMPRINT) | |
| Name of publisher, distributor, etc | Eros International |
| 300 ## - PHYSICAL DESCRIPTION | |
| Extent | 1 videodisc DVD; (145 min.) |
| Other physical details | sd., col. ; |
| Dimensions | 4 3/4 in. |
| Type of unit | DVD |
| 440 ## - SERIES STATEMENT/ADDED ENTRY--TITLE | |
| Title | Eros International |
| 500 ## - GENERAL NOTE | |
| General note | Winner of 4 National Awards |
| 538 ## - SYSTEM DETAILS NOTE | |
| System details note | Dolby Digital 5.1 - Hindi Subtitles: English |
| 538 ## - SYSTEM DETAILS NOTE | |
| System details note | NTSC Format-All Regions, 16x9 Anamorphic (2:23.1 Aspect Ratio), Dual Layer |
| 650 ## - SUBJECT ADDED ENTRY--TOPICAL TERM | |
| Topical term or geographic name as entry element | Motion Picture |
| 700 ## - ADDED ENTRY--PERSONAL NAME | |
| Personal name | Chopra, Vidhu Vinod |
| 700 ## - ADDED ENTRY--PERSONAL NAME | |
| Personal name | Hirani, Rajkumar |
| 700 ## - ADDED ENTRY--PERSONAL NAME | |
| Personal name | Dutt, Sanjay |
| 700 ## - ADDED ENTRY--PERSONAL NAME | |
| Personal name | Warsi, Arsad |
| 700 ## - ADDED ENTRY--PERSONAL NAME | |
| Personal name | Balan, Vidya |
| 700 ## - ADDED ENTRY--PERSONAL NAME | |
| Personal name | Deshmuck, Ritesh |
| 942 ## - ADDED ENTRY ELEMENTS (KOHA) | |
| Koha item type | CD-ROMs, DVDs, VHS |
| Source of classification or shelving scheme | Dewey Decimal Classification |
| Classification part | DVD |
| Call number suffix | LAGE |
| Withdrawn status | Lost status | Source of classification or shelving scheme | Damaged status | Not for loan | Home library | Current library | Date acquired | Source of acquisition | Cost, normal purchase price | Total Checkouts | Total Renewals | Full call number | Barcode | Date last seen | Date checked out | Copy number | Cost, replacement price | Price effective from | Koha item type |
|---|---|---|---|---|---|---|---|---|---|---|---|---|---|---|---|---|---|---|---|
| Dewey Decimal Classification | Central Library | Central Library | 12/12/2008 | Purchase | 99.00 | 18 | 1 | DVD LAGE | DVD-001391 | 29/12/2009 | 26/12/2009 | 1 | 99.00 | 12/12/2008 | CD-ROMs, DVDs, VHS | ||||
| Dewey Decimal Classification | Janak Puri | Janak Puri | 18/11/2009 | Pioneers/885/29-10-09/325/13-10-09 /06-11-09 | 99.00 | 7 | 1 | DVD LAGE | DVD-004845 | 23/08/2013 | 08/08/2013 | 1 | 99.00 | 18/11/2009 | CD-ROMs, DVDs, VHS | ||||
| Dewey Decimal Classification | Karol Bagh | Karol Bagh | 18/11/2009 | Pioneers/885/29-10-09/325/13-10-09 /06-11-09 | 99.00 | 7 | DVD LAGE | DVD-004848 | 06/04/2011 | 04/04/2011 | 1 | 99.00 | 18/11/2009 | CD-ROMs, DVDs, VHS | |||||
| Dewey Decimal Classification | Narela | Narela | 18/11/2009 | Pioneers/885/29-10-09/325/13-10-09 /06-11-09 | 99.00 | 5 | DVD LAGE | DVD-004849 | 09/02/2013 | 28/01/2013 | 1 | 99.00 | 18/11/2009 | CD-ROMs, DVDs, VHS | |||||
| Dewey Decimal Classification | Patel Nagar | Patel Nagar | 12/12/2008 | Purchase | 99.00 | 14 | DVD LAGE | DVD-001393 | 18/02/2014 | 01/02/2014 | 1 | 99.00 | 12/12/2008 | CD-ROMs, DVDs, VHS | |||||
| Dewey Decimal Classification | R.K.Puram-8 | R.K.Puram-8 | 18/11/2009 | Pioneers/885/29-10-09/325/13-10-09 /06-11-09 | 99.00 | 2 | DVD LAGE | DVD-004846 | 14/10/2013 | 20/04/2012 | 1 | 99.00 | 18/11/2009 | CD-ROMs, DVDs, VHS | |||||
| Dewey Decimal Classification | Sarojini Nagar | Sarojini Nagar | 12/12/2008 | Purchase | 99.00 | 23 | DVD LAGE | DVD-001392 | 12/08/2014 | 28/07/2014 | 1 | 99.00 | 12/12/2008 | CD-ROMs, DVDs, VHS | |||||
| Dewey Decimal Classification | Shahdara Branch | Shahdara Branch | 18/11/2009 | Pioneers/885/29-10-09/325/13-10-09 /06-11-09 | 99.00 | DVD LAGE | DVD-004850 | 18/11/2009 | 1 | 99.00 | 18/11/2009 | CD-ROMs, DVDs, VHS | |||||||
| Dewey Decimal Classification | Vinoba Puri | Vinoba Puri | 18/11/2009 | Pioneers/885/29-10-09/325/13-10-09 /06-11-09 | 99.00 | 10 | 1 | DVD LAGE | DVD-004847 | 04/11/2016 | 26/10/2016 | 1 | 99.00 | 18/11/2009 | CD-ROMs, DVDs, VHS |
